| 000 | 00372nam a22001337a 4500 | ||
|---|---|---|---|
| 082 | _aT-186 | ||
| 100 |
_aQudsia Inam _950795 |
||
| 245 | _aAnalysis of socio-environmental impact of metro bus service rawalpindi-islamabad | ||
| 260 |
_aRisalpur, _bMCE, _c2015. |
||
| 300 | _a100p. | ||
| 526 |
_a0 _b0 _c0 _dT_186 |
||
| 700 |
_aDr Syed Hassan Farooq _927315 |
||
| 942 |
_2ddc _cBK |
||
| 999 |
_c553544 _d553544 |
||